Statistics and data analysis for engineers and scientists / Tanvir Mustafy, Md. Tauhid Ur Rahman. (Record no. 22255)

000 -LEADER
fixed length control field 00640nam a22001697a 4500
020 ## - INTERNATIONAL STANDARD BOOK NUMBER
ISBN 9789819946600
082 ## - DEWEY DECIMAL CLASSIFICATION NUMBER
Classification number 519.530
Item number M991 2024
100 ## - MAIN ENTRY--AUTHOR NAME
Personal name Mustafy, Tanvir, author.
245 ## - TITLE STATEMENT
Title Statistics and data analysis for engineers and scientists / Tanvir Mustafy, Md. Tauhid Ur Rahman.
260 ## - PUBLICATION, DISTRIBUTION, ETC. (IMPRINT)
Place of publication Singapore :
Name of publisher Springer,
Year of publication 2024.
300 ## - PHYSICAL DESCRIPTION
Number of Pages 1 online resource, ix, 180 pages :
Other physical details illustrations (some color).
490 ## - SERIES STATEMENT
Series statement Transactions on Computer Systems and Networks
500 ## - GENERAL NOTE
General note Includes bibliographical reference and indexes.
650 ## - SUBJECT ADDED ENTRY--TOPICAL TERM
Topical Term Statistics -- Methodology.
700 ## - ADDED ENTRY--PERSONAL NAME
Personal name Rahman, Md. Tauhid Ur, author.
942 ## - ADDED ENTRY ELEMENTS (KOHA)
Koha item type Electronic Books
Holdings
Source of acquisition Permanent Location Date acquired Collection code Koha item type Lost status Shelving location Withdrawn status Current Location Full call number
DonationsCagayan State University - Carig Library2026-04-15E-BooksElectronic Books E-Resource Section Cagayan State University - Carig Library519.530 M991 2024

Cagayan State University University Library, Carig Campus
Tuguegarao City, Cagayan 3500 | www.csucarig.edu.ph

Powered by Koha